| 000 | 00655nam a2200193 4500 | ||
|---|---|---|---|
| 001 | 148283 | ||
| 003 | ES-MaACL | ||
| 005 | 20230906202531.0 | ||
| 007 | t| | ||
| 008 | 070214s1934 xxk r ||||1| eng d | ||
| 100 | 1 |
_aStopes, Marie Carmichael. _9108318 |
|
| 245 | 1 | 0 |
_aMarried love _b: a new contribution to the solution of sex difficulties / _cby Marie Stopes ; with a preface by Dr. Jessie Murray ; and a letter from Prof. E. H. Starling. |
| 250 | _a21st ed. | ||
| 260 |
_aLondon : _bPutnam, _c1934. |
||
| 300 |
_aXX, 170 p. ; _c19 x 10 cm. |
||
| 700 | 1 |
_aMurray, Jessie. _984640 |
|
| 700 | 1 |
_aStarling, E. H. _9107934 |
|
| 852 |
_aES-MaACL _jA-3199 |
||
| 999 |
_c148283 _d148283 |
||